| LEADER | 00452cam a2200157 7i4500 | ||
|---|---|---|---|
| 001 | 0000004211 | ||
| 005 | 20061127090000.0 | ||
| 002 | ##000005671 | ||
| 020 | 0 | 0 | |a T000004780 |
| 090 | 0 | 0 | |a T 382.7 |b TAR(VIET) |
| 245 | 1 | 0 | |a The tariff and the list of the imports-exports. |
| 260 | 0 | 0 | |a Hanoi: |b Statistics Publishing House, |c 1995. |
| 300 | # | # | |a 436 p.. |
| 650 | 0 | 0 | |a Tariff -- |z Vietnam |
| 651 | 0 | 0 | |a Vietnam |
| 999 | |a 0000006980 |b Book |c Open shelf |e Business Information Centre | ||